| 000 | 00394nam a2200133Ia 4500 | ||
|---|---|---|---|
| 008 | 231129s9999||||xx |||||||||||||| ||spa|| | ||
| 020 | _a958-04-0041-5 | ||
| 040 | _bspa | ||
| 082 | _a468 P397L (EN PROCESO DE DESCARTE) V.2 Ej.2 (119 | ||
| 100 | _aPeñaloza Miguel | ||
| 245 | 0 | _aEl lenguaje total | |
| 264 | _aBogotá Colombia: Norma | ||
| 942 |
_2ddc _cBKS |
||
| 999 |
_c11474 _d11474 |
||